Introducción al Cristianismo.
Saved in:
| Hovedforfatter: | |
|---|---|
| Format: | Bog |
| Sprog: | spansk |
| Udgivet: |
Salamanca, España:
Ediciones Sígueme,
2013.
|
| Udgivelse: | Decimoséptima edición. |
| Serier: | Verdad e Imagen: Teología,
16 |
| Fag: | |
| Tags: |
Tilføj Tag
Ingen Tags, Vær først til at tagge denne postø!
|
MARC
| LEADER | 00000nam a2200000 a 4500 | ||
|---|---|---|---|
| 001 | UCL1766 | ||
| 003 | CL-VaPUC | ||
| 005 | 20221122074347.0 | ||
| 008 | 030926e19790000SP |||||||||||||||||spa|d | ||
| 999 | |c 435959 |d 435957 | ||
| 020 | |a 978-84-301-1930-1 | ||
| 040 | |c Pontificia Universidad Católica de Valparaíso | ||
| 082 | 0 | 4 | |a 230 RAT 2013 |2 21 |
| 100 | 0 | |a Ratzinger, Joseph |e autor |9 478596 | |
| 245 | 1 | 0 | |a Introducción al Cristianismo. |
| 250 | |a Decimoséptima edición. | ||
| 260 | |a Salamanca, España: |b Ediciones Sígueme, |c 2013. | ||
| 300 | |a 318 páginas. | ||
| 490 | 0 | |a Verdad e Imagen: Teología, |v 16 | |
| 500 | |a c.1. Donación V.A. Nelson Vásquez para Historia. 12/04/2022 | ||
| 583 | |a last modification |c 20030926 00:00:00 |k Catalogador Asistente | ||
| 600 | 0 | |a Dios |9 314467 | |
| 600 | 0 | |a Jesús |9 313614 | |
| 650 | 0 | |a Cristianismo |9 257361 | |
| 650 | 0 | |a Fe |9 308036 | |
| 650 | 0 | |a Iglesia |9 255004 | |
| 942 | |c BK |2 ddc | ||
| 952 | |0 0 |1 0 |2 ddc |4 0 |6 230_000000000000000_RAT_2013 |7 0 |8 A |9 583622 |a BIBHIS |b BIBHIS |c GEN |d 2022-06-13 |e Donación |i 5651754 |l 1 |o 230 RAT 2013 |p 5651754 |r 2025-01-20 |s 2022-07-08 |t 1 |w 2022-06-13 |y BK |k HIS | ||